000 00853nam a22002897a 4500
003 CHAP
005 20220329134139.0
008 971013s1964 r 00010 d
010 _a16119
011 _a17091
035 _a21174
040 _cCHAP
082 _a512.89
_bH6
100 0 0 _aHoernes, Gerhard E.
_955776
245 _aIntroduction to Boolean algebra and logic desing
260 _aNew York :
_bMxGraw-Hill,
_c1964
300 _a306 p.
590 _aBATCH-UPD
_b10
_c20130110
_lUCH01
_h1551
590 _aBATCH-UPD
_b10
_c20130410
_lUCH01
_h0949
590 _aBATCH-UPD
_b10
_c20130914
_lUCH01
_h1845
590 _aCONVERSION
_b10
_c20130109
_lUCH01
_h1310
650 1 4 _aÁlgebra.
_982391
700 0 _aHeilweil, Melvin F.
_953343
901 _aBK
942 _cLIBRO
949 _a512.89 H6
_bBC
_cLIBRO
_d33724000403325
_eLIBRO
_h16400
_i21174
_si
999 _c16119
_d16119